| 000 | 01325nam a2200325 c 4500 | ||
|---|---|---|---|
| 003 | BLK | ||
| 005 | 20250115102531.0 | ||
| 008 | 180413b bul|||||r ||||||| ||bul|| | ||
| 010 | _aKNG00027749000 | ||
| 040 | _aBLK | ||
| 041 |
_aBUL _cBUL |
||
| 080 |
_aАмериканска литература (на САЩ) _b821.111(73) _x-312.4 _z821.111(73)-312.4 |
||
| 100 | 1 |
_aЕлрой, Джеймс _eпърви автор _967068 |
|
| 700 | 1 |
_aВълкова, Силвия Илиева _eпрев. от англ. _9268094 |
|
| 139 |
_aЕлрой, Джеймс _bЕ 55 |
||
| 245 | 1 | 0 |
_aЧерната Далия _bРоман _cДжеймс Елрой; прев. от англ. Силвия Илиева Вълкова. |
| 257 | _aUSA | ||
| 260 |
_аСофия _bПетриков _c1999 _fСофия : Д. Благоев 2 |
||
| 300 |
_a350 с. _c20 см |
||
| 380 | _aX | ||
| 500 | _aОриг. загл. Black Dahlia / James Ellroy. - Офс. изд. -2 000 тир. Роман от четирилогията Ел Ей квартет. | ||
| 653 | _aкрими | ||
| 653 | _aромани | ||
| 852 | _aЦб 200576 | ||
| 856 | 4 |
_qpdf _u |
|
| 856 | 4 |
_qpdf _u |
|
| 942 |
_cKNG _n0 _010 |
||
| 944 |
_aCR _c15.01.2003 _lМинев Младен _k30530 |
||
| 944 |
_aED _c28.12.2015 _lф / _kПенка_Димитрова |
||
| 999 |
_c25214 _d25214 |
||